Normal view
MARC view
Entry Topical Term
001 - CONTROL NUMBER
- control field: 9758
003 - CONTROL NUMBER IDENTIFIER
- control field: ARRUPE
005 - DATE AND TIME OF LATEST TRANSACTION
- control field: 20140403113828.0
008 - FIXED-LENGTH DATA ELEMENTS
- fixed length control field: 140403|| aca||aabn | a|a d
040 ## - CATALOGING SOURCE
- Original cataloging agency: ARRUPE
- Transcribing agency: ARRUPE
150 ## - HEADING--TOPICAL TERM
- Topical term or geographic name as entry element: Patronage, Political
- Geographic subdivision: Rwanda
- General subdivision: History.
670 ## - SOURCE DATA FOUND
- Source citation: Work cat.: (ARRUPE)0: Newbury, Catharine. 9756, The cohesion of oppression :, c1988.